Statistics for 2023 News by Picture

Click here to take the quiz!

General Stats

  • This quiz has been taken 33 times
    (15 since last reset)
  • The average score is 27 of 33

Answer Stats

Answer% Correct
Amazon
100%
Apple
100%
Brazil
100%
Disney
100%
Donald Trump
100%
Google
100%
India
100%
Japan
100%
Kim Jong-un
100%
South Korea
100%
United States
100%
China
91%
Gaza Strip
91%
Israel
91%
Palestine
91%
Taiwan
91%
Ukraine
91%
Vladimir Putin
91%
Xi Jinping
91%
Azerbaijan
82%
Iran
82%
Joe Biden
82%
North Korea
82%
Russia
82%
Volodymyr Zelensky
82%
Armenia
73%
Yemen
73%
Benjamin Netanyahu
64%
Jair Bolsonaro
64%
Nagorno-Karabakh
64%
Antony Blinken
45%
Fumio Kishida
9%
Yoon Suk-Yeoul
9%

Score Distribution

Percentile by Number Answered

Percent of People with Each Score

Your Score History

You have not taken this quiz since the last reset